[Event "BCF-chT3Sb 1617 (4NCL)"]
[Site "England"]
[Date "2016.11.26"]
[Round "1.54"]
[White "Wallis, Ian J"]
[Black "Vives, Pepe"]
[Result "1-0"]
[WhiteElo "2102"]
[BlackElo "1954"]
[PlyCount "39"]
[EventDate "2016.11.26"]
[EventType "team-tourn"]
[EventRounds "11"]
[EventCountry "ENG"]
[SourceTitle "EXT 2019"]
[Source "ChessBase"]
[SourceDate "2018.10.10"]
[SourceVersion "1"]
[SourceVersionDate "2018.10.10"]
[SourceQuality "1"]
[WhiteTeam "Anglian Avengers II"]
[BlackTeam "Hackney"]
[WhiteTeamCountry "ENG"]
[BlackTeamCountry "ENG"]

1. e4 e6 2. d4 d5 3. Nd2 dxe4 4. Nxe4 Nd7 5. Nf3 Ngf6 6. Bd3 c5 7. Bg5 cxd4 8. Nxd4 Be7 9. Nxf6+ Nxf6 10. 0-0 0-0 11. c3 a6 12. Qe2 Qc7 13. Rad1 Re8 14. Rfe1 Bd7 15. Nf3 Rad8 16. Ne5 Bc8 17. Qf3 Rd5 18. Bxf6 Bxf6 19. Ng4 Bg5 20. Qxd5 1-0

[Event "BCF-chT3 1011 (4NCL)"]
[Site "England"]
[Date "2011.01.15"]
[Round "3.45"]
[White "Holowczak, Alex"]
[Black "Vives, Pepe"]
[Result "0-1"]
[WhiteElo "1746"]
[BlackElo "1930"]
[PlyCount "104"]
[EventDate "2010.11.06"]
[EventType "team-swiss"]
[EventRounds "9"]
[EventCountry "ENG"]
[SourceTitle "EXT 2012"]
[Source "ChessBase"]
[SourceDate "2011.11.24"]
[SourceVersion "1"]
[SourceVersionDate "2011.11.24"]
[SourceQuality "1"]
[WhiteTeam "British Universities CA"]
[BlackTeam "Hackney"]
[WhiteTeamCountry "ENG"]
[BlackTeamCountry "ENG"]

1. e4 e6 2. d4 d5 3. e5 c5 4. Nf3 cxd4 5. Nxd4 Nc6 6. c3 Nxe5 7. Bf4 Ng6 8. Bg3 a6 9. Nd2 Nf6 10. Bd3 Bd6 11. 0-0 0-0 12. N2f3 e5 13. Bxg6 hxg6 14. Nxe5 Ne4 15. Nd3 Nxg3 16. fxg3 b5 17. Qf3 Bb7 18. Nf4 Rb8 19. Kh1 b4 20. Rad1 bxc3 21. Qxc3 Qb6 22. Nb3 Rbc8 23. Qd3 Be5 24. Qe2 Rfe8 25. Nxd5 Qb5 26. Qf3 f6 27. Qd3 Qxd3 28. Rxd3 Rc2 29. Rfd1 Rxb2 30. R3d2 Bxd5 31. Rxd5 Rxa2 32. Na5 Bc3 33. Nc6 Ree2 34. Rg1 Bd2 35. Nd4 Rf2 36. Ne6 f5 37. Rd7 Bc3 38. Rc7 Bf6 39. Rb1 Rxg2 40. Rb8+ Kh7 41. Rcc8 Rxh2+ 42. Kg1 Rag2+ 43. Kf1 g5 44. Rh8+ Kg6 45. Nf8+ Kf7 46. Rb7+ Be7 47. Nd7 Rf2+ 48. Kg1 Rxh8 49. Kxf2 Ke6 50. Nb8 a5 51. Nc6 Bc5+ 52. Kf3 a4 0-1